| 000 | 00599nam a2200193 i 4500 | ||
|---|---|---|---|
| 001 | 50755 | ||
| 003 | ES-MaACL | ||
| 005 | 20230906185145.0 | ||
| 007 | t| | ||
| 008 | 030806s1920 sp ||||1| spa d | ||
| 100 | 1 |
_aCuello Calón, Eugenio. _941986 |
|
| 245 | 1 | 0 |
_aPenología _b: las penas y las medidas de seguridad : su ejecución / _cEugenio Cuello Calón. |
| 260 |
_aMadrid : _bReus, _c1920. |
||
| 300 |
_a355 p. ; _c23 cm. |
||
| 490 | 1 |
_aBiblioteca jurídica de autores españoles y extranjeros ; _v36 |
|
| 852 |
_aES-MaACL _jC-55952 |
||
| 852 |
_aES-MaACL _jE-3056 |
||
| 999 |
_c50755 _d50755 |
||